Lucha contra el analfabetismo (Record no. 19023)

MARC details
000 -LEADER
campo de control de longitud fija 01127nam a2200229 i 4500
001 - NÚMERO DE CONTROL
campo de control 19023
003 - IDENTIFICADOR DE NÚMERO DE CONTROL
campo de control ES-MaACL
005 - FECHA Y HORA DE LA ÚLTIMA TRANSACCIÓN
campo de control 20230906151959.0
007 - CAMPO FIJO DE DESCRIPCIÓN FÍSICA--INFORMACIÓN GENERAL
campo de control de longitud fija t|
008 - DATOS DE LONGITUD FIJA--INFORMACIÓN GENERAL
campo de control de longitud fija 020516s1934 sp |||| | spa d
080 ## - NÚMERO DE LA CLASIFICACIÓN DECIMAL UNIVERSAL
Número de la Clasificación Decimal Universal 373.3(460)"193"
100 1# - ENTRADA PRINCIPAL--NOMBRE DE PERSONA
Nombre de persona Noguera López, Julio.
9 (RLIN) 85877
245 10 - MENCIÓN DEL TÍTULO
Título Lucha contra el analfabetismo
Resto del título : ideas y orientaciones para una nueva ley de instrucción pública /
Mención de responsabilidad, etc. ponente Julio Noguera López, secretario segundo de la Sección de Pedagogía.
260 ## - PUBLICACIÓN, DISTRIBUCIÓN, ETC.
Lugar de publicación, distribución, etc. Madrid :
Nombre del editor, distribuidor, etc. [s.n.],
Fecha de publicación, distribución, etc. 1934 (
Fabricante Imp. J. Pérez Acedo)
300 ## - DESCRIPCIÓN FÍSICA
Extensión 35 p. ;
Dimensiones 22 cm.
500 ## - NOTA GENERAL
Nota general En cub.: Ateneo de Madrid, Sección de Pedagogía, curso de 1933 a 1934. Memoria reglamentaria presentada y leída en la sesión del 6 de enero, por el secretario segundo de la Sección.
610 24 - PUNTO DE ACCESO ADICIONAL DE MATERIA--NOMBRE DE ENTIDAD CORPORATIVA
Nombre de entidad corporativa o nombre de jurisdicción como elemento de entrada Ateneo de Madrid.
Unidad subordinada Sección de Pedagogía-
Subdivisión de forma Memorias.
9 (RLIN) 2006
650 14 - PUNTO DE ACCESO ADICIONAL DE MATERIA--TÉRMINO DE MATERIA
Término de materia o nombre geográfico como elemento de entrada Enseñanza primaria-
Subdivisión geográfica España-
Subdivisión cronológica 1931-1939.
9 (RLIN) 166406
852 ## - LOCALIZACIÓN
Ubicación ES-MaACL
Número de control de estantería 1801-F-9
Nota libre . - Dedicatoria autógrafa del autor
852 ## - LOCALIZACIÓN
Ubicación ES-MaACL
Número de control de estantería 1795-F-16
852 ## - LOCALIZACIÓN
Ubicación ES-MaACL
Número de control de estantería 1770-F-3
condición física - Ejemp. mecanografiado y con correcciones manuscritas del autor
Holdings
Estatus retirado Estado de pérdida Estado de daño No para préstamo Colección Biblioteca de origen Biblioteca actual Ubicación en estantería Fecha de adquisición Fuente de adquisición Total de préstamos Signatura topográfica completa Código de barras Visto por última vez Precio de reemplazo Tipo de ítem Koha
        Colección de folletos Biblioteca del Ateneo de Madrid Biblioteca del Ateneo de Madrid Depósito folletos 17/01/2008     1770-F-3 1019464 23/02/2023 23/02/2023 Folleto
        Colección de folletos Biblioteca del Ateneo de Madrid Biblioteca del Ateneo de Madrid Depósito folletos 17/01/2008     1801-F-9 1019462 23/02/2023 23/02/2023 Folleto
        Colección de folletos Biblioteca del Ateneo de Madrid Biblioteca del Ateneo de Madrid Depósito folletos 17/01/2008     1795-F-16 1019463 23/02/2023 23/02/2023 Folleto